| 000 | 00732 a2200241 4500 | ||
|---|---|---|---|
| 003 | CBULib | ||
| 005 | 20231127140313.0 | ||
| 008 | 231127b |||||||| |||| 00| 0 eng d | ||
| 020 | _a9781455770069 | ||
| 040 |
_bEnglish _cCBULib _erda |
||
| 041 | _aeng | ||
| 050 | _aQP 35 Hal | ||
| 100 | _aHall, John E. | ||
| 245 |
_aPocket companion to Guyton and Hall medical physiology _c/ by John E Hall |
||
| 250 | _aThirteenth edition. | ||
| 260 |
_bElsevier, _c2016. _aPhiladelphia : |
||
| 300 | _axvi, 704 pages : illustrations | ||
| 336 |
_2rdacontent _aText | _btxt |
||
| 337 |
_2rdamedia _aUnmediated | _bn |
||
| 338 |
_2rdacarrier _aVolume _bnc |
||
| 650 | 0 |
_2Library of Congress _91190 _aPHYSOLOGICAL PHENOMENA |
|
| 942 |
_2lcc _c002 |
||
| 999 |
_c83537 _d83537 |
||